[Event "Bad Endbach"]
[Site "Bad Endbach"]
[Date "1995.??.??"]
[Round "?"]
[White "Kupreichik, Viktor D"]
[Black "Lau, Ralf"]
[Result "1-0"]
[WhiteElo "2500"]
[BlackElo "2490"]
[Annotator "Hecht,H"]
[PlyCount "101"]
[EventDate "1995.04.??"]
[EventType "tourn"]
[EventRounds "11"]
[EventCountry "GER"]
[EventCategory "11"]
[SourceTitle "CBM 047"]
[Source "ChessBase"]
[SourceDate "1995.08.01"]
[SourceVersion "1"]
[SourceVersionDate "1995.08.01"]
[SourceQuality "1"]

1. e4 c5 2. Nf3 e6 3. Nc3 a6 4. g3 b5 5. d4 cxd4 6. Nxd4 Bb7 7. Bg2 Nf6 8. Qe2
b4 9. Na4 Qa5 10. b3 Nc6 11. Be3 Nxd4 12. Bxd4 Qb5 13. Qd3 Be7 14. O-O Bc6 15.
Nb6 Rb8 16. e5 Bxg2 17. Kxg2 Qc6+ 18. Qf3 Ne4 19. Rad1 Nc3 20. Nxd7 Qxf3+ 21.
Kxf3 Rb7 22. Nc5 Bxc5 23. Bxc5 {RB+7P <->RR+6P: Gutes Zusammenspiel von R+B}
Nxd1 24. Rxd1 Rb5 25. Bd6 f6 26. Rd4 a5 27. Rc4 Kf7 28. Ke4 fxe5 29. Rc7+ Kf6
30. Be7+ Kg6 31. Bd6 Kf6 32. Be7+ Kg6 33. Bd6 Rd8 $2 {Schwarz ist zu arglos
und sieht nicht die von Weiß gestellte Mattfalle!} (33... Rhb8 $5 34. Bxe5 R8b7
$5) 34. Bxe5 Rd2 35. f4 Rxh2 36. Rxg7+ Kh6 37. Rg5 $1 $18 Re2+ 38. Kd3 Rexe5
39. Rxe5 Rxe5 40. fxe5 Kg5 41. c4 bxc3 42. Kxc3 Kf5 43. b4 axb4+ 44. Kxb4 Kxe5
45. Kc5 Ke4 46. a4 e5 47. a5 Kd3 48. a6 e4 49. a7 e3 50. a8=Q e2 51. Qa5 1-0

[Event "Lausanne YM 4th"]
[Site "Lausanne"]
[Date "2003.09.22"]
[Round "3.2"]
[White "Papa, Severin"]
[Black "Paehtz, Elisabeth"]
[Result "1-0"]
[WhiteElo "2372"]
[BlackElo "2417"]
[Annotator "Hecht,H"]
[PlyCount "73"]
[EventDate "2003.09.17"]
[EventType "k.o."]
[EventRounds "3"]
[EventCountry "SUI"]
[SourceTitle "CBM 098"]
[Source "ChessBase"]
[SourceDate "2004.02.03"]
[SourceVersion "1"]
[SourceVersionDate "2004.02.03"]
[SourceQuality "1"]

1. e4 c5 2. Nf3 e6 3. Nc3 a6 4. d4 cxd4 5. Nxd4 Qc7 6. Bd3 b5 7. O-O Nc6 8.
Nxc6 dxc6 9. f4 Bb7 10. e5 Nh6 11. Qf3 Nf5 12. a4 b4 13. Nd1 g6 14. Be4 h5 15.
Be3 a5 16. Bf2 Rd8 17. c3 Rd7 18. Ne3 Bc5 19. Rfd1 Nxe3 20. Bxe3 Qb6 21. Kf2
Bxe3+ 22. Qxe3 Qxe3+ 23. Kxe3 bxc3 24. bxc3 Kd8 25. Rdb1 Kc7 26. Rb2 Rb8 27.
Rab1 Rdd8 28. Kf3 Ba8 29. Rxb8 Rxb8 30. Rxb8 Kxb8 {Thema: Der grottenschlechte
Läufer} 31. g4 $1 {Schwarz verliert am Königsflügel, weil sie ihren Läufer
nicht flott bekommt. Jedes Bauernendspiel (nach c5) ist ohnehin verloren.} (31.
Kg3 $143 Kc7 32. Kh4 Kd7 33. Kg5 Ke7 34. c4 Bb7 35. c5 Ba8 36. h4 Bb7 37. g3
Ba8 38. Bxg6 fxg6 39. Kxg6 Bb7 40. Kxh5 Kf7 {oder La6 mit wahrscheinlichem
Remis.}) 31... Kc7 (31... hxg4+ 32. Kxg4 Kc7 33. Kg5 Kd7 34. Kf6 Ke8 35. c4 Bb7
36. c5 Kf8 37. h4 Ba8 38. Bf3 Bb7 39. h5 gxh5 40. Bxh5 Ba6 41. Bxf7 Bd3 42.
Bxe6 Bc2 43. Bf7 Bxa4 44. e6 $18 {ist ein ebenso überzeugender wie einfacher
Gewinnplan}) 32. gxh5 gxh5 33. Kg3 Kd8 34. Kh4 Ke7 35. Kxh5 f5 36. Bf3 Kf7 37.
Kg5 1-0

[Event "American Continental 2nd"]
[Site "Buenos Aires"]
[Date "2003.08.18"]
[Round "2"]
[White "Crosa Coll, Martin"]
[Black "Goldin, Alexander"]
[Result "0-1"]
[WhiteElo "2412"]
[BlackElo "2608"]
[Annotator "Hecht,H"]
[PlyCount "114"]
[EventDate "2003.08.17"]
[EventType "swiss"]
[EventRounds "11"]
[EventCountry "ARG"]
[SourceTitle "CBM 097"]
[Source "ChessBase"]
[SourceDate "2003.11.11"]
[SourceVersion "1"]
[SourceVersionDate "2003.11.11"]
[SourceQuality "1"]

1. e4 c5 2. Nf3 e6 3. d4 cxd4 4. Nxd4 a6 5. Nc3 b5 6. g3 Bb7 7. Bg2 Nf6 8. O-O
b4 9. Na4 d5 10. exd5 Bxd5 11. Bxd5 Nxd5 12. Re1 Ra7 13. Nf5 Nc6 14. Bg5 Qa5
15. Qf3 h6 16. c4 bxc3 17. Nxc3 Rd7 18. Bd2 g6 19. Nxd5 Qxd5 20. Qxd5 Rxd5 21.
Bc3 Rg8 22. Ne3 Rd3 23. Ng4 Bg7 24. Nf6+ Bxf6 25. Bxf6 Kd7 26. Red1 Rd5 27. a3
Rb8 28. b4 Rbb5 29. Kf1 h5 30. Bc3 Kc7 31. Ke2 Ne7 32. Rac1 Rxd1 33. Kxd1 Kd7 {
[#] The position can be considered level. Despite the opposing pawn majorities,
the knight is the equal of the bishop because of its outposts (d5 and c6). [#]
Die Position kann als ausgeglichen angesehen werden. Trotz der verteilten
Bauernmehrheiten ist der Springer wegen seiner Stützpunkte (d5 und c6) dem
Läufer ebenbürtig.} 34. Kc2 $5 {White should not decide the position of his
king so soon. Weiß sollte den Standort des Königs nicht so früh bestimmen.} ({
Possible was Naheliegend war} 34. a4 Rf5 (34... Rb7 35. Kc2 Nd5 36. Kb3 {
because weil} Nxb4 37. Bxb4 a5 38. Rc4 {doesn't look attractive. nicht zieht})
35. Ke2) 34... Rf5 35. Bd4 Rf3 36. Rd1 Nd5 37. Rd3 Rf5 38. Kb3 Kc6 39. Bc5 $6 {
lets the black rook slip in behind his pawns. Läßt den schwarzen Turm hinter
die eigenen Reihen einsickern.} (39. f3 $142 {with a possible later h3 and g4
was more flexible. mit der Eventualität h3 und g4 war flexibler.}) 39... Re5
40. Kc4 Re4+ 41. Kb3 Re1 42. Kc4 Rh1 43. h4 Rc1+ 44. Kb3 e5 {Black is now
clearly more active, which means that White can no longer keep things quiet.
Thus, Be3 was needed. Schwarz steht offenkundig aktiver, was Weiß nicht mehr
erlaubt als still zu halten. Deshalb war nun Le3 angesagt.} 45. a4 $6 {Weak,
since it allows Black to make powerful use of the pawn lever a5. Schwach, weil
es Schwarz erlaubt, den Hebel a5 kraftvoll einzusetzen.} a5 $1 {[%csl Rb4,Rc5]
[%cal Rd5b4,Rc1b1]} 46. Kb2 Re1 (46... Rc4 47. Kb3 Nxb4 (47... Re4 48. Rd1 Nxb4
49. f3) 48. Kxc4 Nxd3 49. Be3 {was not as good because of the strong a5-pawn.
war wegen des schwachen Ba5 weniger gut}) (46... Rf1 $5 47. Rd2 axb4 48. Rc2
Kb7 49. Rd2 {and from f1 the rook is less mobile. und der Turm ist auf f1
weniger beweglich}) 47. Bf8 $2 (47. Rd2 $142 {and as already pointed out und
wie bereits beschrieben} axb4 48. Rc2 Kb7 49. Rd2) 47... axb4 $2 (47... Re2+ $1
48. Kb3 axb4 49. Bxb4 Rxf2 {was more appropriate and also stronger. war
naheliegender und auch stärker}) 48. Rd2 e4 49. Rc2+ Kb6 50. Rc5 Nc3 51. Re5 $4
(51. Rc4 $1 {more or less holds the balance. hält annähernd die Balance}) 51...
Nxa4+ $19 52. Kb3 f6 53. Re6+ Kb5 54. Rxf6 {[#] White's pieces are now
uncoordinated to the point of hanging up an "out of order" sign, whereas
Black's cooperate splendidly.  [#] Die weißen Steine sind nun unkoordiniert
und gewissermaßen "out of order", während die schwarzen prächtig zusammen
arbeiten.} Rb1+ 55. Kc2 Rb2+ 56. Kc1 b3 57. Bg7 Rc2+ {[%cal Ra4c3,Rb3b2]} 0-1

[Event "Olympiad-34"]
[Site "Istanbul"]
[Date "2000.11.05"]
[Round "8.1"]
[White "Mitkov, Nikola"]
[Black "Ghaem Maghami, Ehsan"]
[Result "1/2-1/2"]
[WhiteElo "2532"]
[BlackElo "2488"]
[Annotator "Hecht,H"]
[PlyCount "130"]
[EventDate "2000.10.28"]
[EventType "team-swiss"]
[EventRounds "14"]
[EventCountry "TUR"]
[SourceTitle "EXT 2001"]
[Source "ChessBase"]
[SourceDate "2000.11.22"]
[SourceVersion "1"]
[SourceVersionDate "2000.11.22"]
[SourceQuality "1"]
[WhiteTeam "Macedonia"]
[BlackTeam "Iran"]
[WhiteTeamCountry "MKD"]
[BlackTeamCountry "IRI"]

1. e4 c5 2. Nc3 e6 3. Nf3 a6 4. d4 cxd4 5. Nxd4 b5 6. Bd3 Qb6 7. Nb3 Nc6 8. a4
b4 9. a5 Qc7 10. Na4 Nxa5 11. Nxa5 Qxa5 12. Be3 Qc7 13. Nb6 Rb8 14. Nxc8 Rxc8
15. Rxa6 Bc5 16. Qg4 Qe5 17. Bxc5 Rxc5 18. Qg3 Qxg3 19. Ra8+ Ke7 20. hxg3 g5
21. Ke2 Kf6 22. Rd8 d5 23. exd5 Rxd5 24. Rb8 Kg7 25. Ra1 Nf6 26. Rxb4 Rhd8 27.
Ra7 Nd7 28. Rb5 Nc5 29. Raa5 Nxd3 30. Rxd5 Nc1+ 31. Kd1 exd5 32. Kxc1 Kf6 33.
Kd2 h5 34. b4 h4 35. Ra3 Rb8 36. Rf3+ Ke5 37. Re3+ Kd6 38. Rb3 hxg3 39. fxg3
Rh8 40. Ke3 Rc8 41. b5 Re8+ 42. Kd3 Kc7 43. Kd4 Re2 44. Rf3 Rxc2 45. Rc3+ Rxc3
46. Kxc3 {[#] Der Temposchlucker (g5-g4) kontra den entfernten Freibauern.} Kb6
47. Kd4 Kxb5 48. Kxd5 g4 $8 49. Ke5 Kc5 50. Kf5 (50. Kf6 Kd4 51. Kxf7 (51. Kf5
Ke3 52. Kxg4 Kf2 53. Kh3 f5 54. Kh2 Kf1 $11) 51... Ke3 52. Kf6 Kf2 53. Kg5 Kxg3
$11) 50... Kd4 51. Kxg4 Ke3 52. Kh3 Kf2 53. g4 f6 54. Kh2 Kf1 55. Kg3 Kg1 56.
Kf3 Kh2 (56... Kf1 $2 57. g5 fxg5 58. g4 Kg1 59. Ke4 $18) 57. Kf2 Kh1 58. Kg3
Kg1 59. Kh3 Kf2 60. Kh2 Kf1 61. Kg3 Kg1 62. Kf3 Kh2 63. g3 Kg1 (63... Kh3 $11)
64. g5 fxg5 65. Kg4 Kg2 1/2-1/2

[Event "CUB-ch"]
[Site "Las Tunas"]
[Date "2001.04.01"]
[Round "1"]
[White "Gonzalez Vidal, Yuri"]
[Black "Vazquez Igarza, Renier"]
[Result "0-1"]
[WhiteElo "2426"]
[BlackElo "2393"]
[Annotator "Hecht,H"]
[PlyCount "98"]
[EventDate "2001.04.01"]
[EventType "tourn"]
[EventRounds "16"]
[EventCountry "CUB"]
[EventCategory "9"]
[SourceTitle "CBM 083"]
[Source "ChessBase"]
[SourceDate "2001.07.05"]
[SourceVersion "1"]
[SourceVersionDate "2001.07.05"]
[SourceQuality "1"]

1. e4 c5 2. Nf3 e6 3. d4 cxd4 4. Nxd4 a6 5. Nc3 b5 6. Bd3 Qb6 7. Be3 Bc5 8. Be2
Nc6 9. Nxc6 dxc6 10. Bxc5 Qxc5 11. Qd3 e5 12. Qg3 Kf8 13. O-O-O Be6 14. f4 exf4
15. Qxf4 Ne7 16. Qc7 g6 17. Qf4 g5 18. Qg3 Ng6 19. Bg4 Re8 20. Rhf1 Nf4 21.
Bxe6 Rxe6 22. Rd2 Rf6 23. Rfd1 Kg7 24. h4 h6 25. Qg4 Ng6 26. hxg5 hxg5 27. Kb1
b4 28. Ne2 Rh4 29. Qc8 Qe3 30. Qxa6 Rf2 31. Qd3 Rxe4 32. Qxe3 Rxe3 33. Nc1 Rxd2
34. Rxd2 Nf4 35. Nd3 Kf6 36. Kc1 Nxd3+ 37. Rxd3 Rxd3 38. cxd3 {[#] Zu passives
weißes Spiel - Raum - beiderseits Möglichkeiten für entfernte Freibauern} Ke5
39. Kd2 f5 40. Ke2 (40. a4 $1 bxa3 41. bxa3 Kd4 42. g3 (42. a4 f4 43. Ke2 g4
44. a5 Kc5 45. d4+ Kb5 46. Kd3 Kxa5 47. Ke4 $11) 42... c5 43. a4 Kd5 44. Kc3
Kc6 45. Kd2 (45. d4 g4 $19) 45... Kb6 46. Ke3 Ka5 47. d4 c4 48. d5 Kb6 49. Kd4
g4 50. Kxc4 f4 51. a5+ Kxa5 52. d6 Kb6 53. Kd5 fxg3 54. Ke6 g2 55. d7 g1=Q 56.
d8=Q+ $11) 40... f4 41. Kf3 Kf5 42. Ke2 g4 43. Kf2 Ke5 44. Ke1 (44. a4 $1 $11)
44... Kd4 45. Ke2 f3+ ({spannend ist auch} 45... c5 46. Kd2 f3 47. gxf3 b3 48.
a4 (48. axb3 gxf3 $19) 48... g3 49. Ke2 g2 50. Kf2 Kxd3 51. a5 c4 52. a6 c3 53.
a7 cxb2 54. a8=Q g1=Q+ 55. Kxg1 b1=Q+ 56. Kf2 Qa2+ $19) 46. gxf3 gxf3+ 47. Kxf3
Kxd3 48. Kf4 {[%csl Yc1,Yd2,Ye3,Yf4]} (48. Kf2 c5 49. a4 bxa3 50. bxa3 c4 51.
Ke1 Kc2 52. a4 Kb2 53. a5 c3 54. a6 c2 55. a7 c1=Q+ $19) 48... c5 49. b3 Kc3
0-1

[Event "Malmo Masters 1st"]
[Site "Malmo"]
[Date "2003.08.01"]
[Round "5"]
[White "Berg, Emanuel"]
[Black "Hellsten, Johan"]
[Result "0-1"]
[WhiteElo "2495"]
[BlackElo "2511"]
[Annotator "Hecht,H"]
[PlyCount "102"]
[EventDate "2003.07.28"]
[EventType "tourn"]
[EventRounds "9"]
[EventCountry "SWE"]
[EventCategory "9"]
[SourceTitle "CBM 097"]
[Source "ChessBase"]
[SourceDate "2003.11.11"]
[SourceVersion "1"]
[SourceVersionDate "2003.11.11"]
[SourceQuality "1"]

1. e4 c5 2. Nf3 e6 3. d4 cxd4 4. Nxd4 a6 5. Nc3 Qc7 6. Bd3 Bc5 7. Be3 Nf6 8.
O-O d6 9. Kh1 Bd7 10. Qf3 Qb6 11. Nce2 e5 12. Nf5 Bxf5 13. Qxf5 Nbd7 14. Qg5
Bxe3 15. fxe3 O-O 16. Rf3 d5 17. Ng3 dxe4 18. Bxe4 h6 19. Qh4 g5 20. Qxh6 Nxe4
21. Qh5 Ndf6 22. Qh6 Qe6 23. Nf5 Ne8 24. Raf1 Qxh6 25. Nxh6+ Kh7 26. Nxf7 Kg7
27. Nxe5 N8f6 28. Rd1 Rad8 29. Rd4 Nd2 30. Rf5 Nfe4 31. Rxf8 Rxf8 32. Nf3 Nf2+
33. Kg1 Nh3+ 34. Kh1 Nxf3 35. gxf3 Rxf3 36. Kg2 Rxe3 37. Rd7+ Kf6 38. Rxb7 Nf4+
39. Kf2 Re2+ 40. Kg3 Rxc2 41. h4 (41. Rb6+ Kf5 42. Rxa6 Rg2+ 43. Kf3 g4+ 44.
Ke3 Ke5 $1 {[%csl Rb2,Rh2][%cal Gf4d5,Rg2e2]}) 41... Ne2+ 42. Kh3 gxh4 43. Kxh4
(43. Rb6+ Kg5 44. Rxa6 Nf4#) 43... Nd4 {Technique (one pawn is not enough for
the piece) and tactics (taking the rook). Technik (ein Bauer ist zu wenig für
die Figur) und Taktik (Turmfang).} 44. Kg3 Ke5 45. Re7+ Kd6 46. Ra7 Rc6 47. Kf4
Rb6 48. b3 Ne6+ 49. Ke3 Nc7 50. Kd3 Kc6 51. Kc4 Rb8 0-1

[Event "Varna-18"]
[Site "Varna"]
[Date "1979.05.26"]
[Round "11"]
[White "Donchev, Dimitar I"]
[Black "Hesse, Peter"]
[Result "0-1"]
[WhiteElo "2400"]
[BlackElo "2420"]
[Annotator "Hesse,P"]
[PlyCount "60"]
[EventDate "1979.05.15"]
[EventType "tourn"]
[EventRounds "13"]
[EventCountry "BUL"]
[EventCategory "5"]
[SourceTitle "EXT 2005"]
[Source "ChessBase"]
[SourceDate "2004.11.15"]
[SourceVersion "1"]
[SourceVersionDate "2004.11.15"]
[SourceQuality "1"]

{SCHACH 8/1979} 1. e4 c5 2. Nf3 e6 3. d4 cxd4 4. Nxd4 a6 5. Bd3 Nf6 6. Nc3 Qc7
7. Qe2 d6 8. Bg5 Be7 9. f4 h6 $5 10. Bh4 Nc6 ({Falls} 10... Nxe4 {so} 11. Bxe7
Nxc3 12. Qg4 $1 Kxe7 ({bzw.} 12... Qxe7 13. Qxg7 Qf8 14. Qxf8+ Kxf8 15. bxc3 {
jeweils mit weissem Entwicklungsvorsprung.}) 13. Qxg7 Rf8 14. bxc3 Qxc3+ 15.
Ke2) 11. Bf2 Bd7 12. a4 $6 {An dieser Stelle wohl nicht so gut, da Schwarz bei
weisser langer Rochade eine Angriffsmarke besitzt} O-O 13. Nb3 {Droht 14.g4} e5
$1 14. f5 $1 Nb4 15. g4 d5 $1 16. h4 $5 dxe4 17. Nxe4 Nxe4 $1 ({Optisch gut
sieht} 17... Nxd3+ 18. cxd3 Nxe4 19. dxe4 Bb4+ 20. Kf1 b5 {aus; nach} 21. Rc1 {
nebst evtl. 22.Nc5 hat Schwarz aber keine guten Felder für seine angegriffenen
Figuren.}) 18. Bxe4 Bc6 19. c3 Nd5 20. Qf3 Rfd8 21. O-O-O $6 Nf4 $1 22. Bxc6
bxc6 23. Qe4 $2 ({Besser wohl} 23. a5) 23... Rab8 ({Auf gleich} 23... Rd5 {wäre
} 24. f6 $1 {möglich.}) 24. Nc5 $2 Bxc5 25. Bxc5 Rd5 $1 26. Qc4 e4 $1 ({
Gut war auch} 26... Rbd8) 27. Ba3 Nd3+ 28. Kb1 Qd7 29. Rd2 $2 (29. Qxe4 {
müsste erfolgen, obwohl Schwarz nach} Nxb2 30. Rxd5 Nc4+ 31. Ka2 cxd5 32. Qc2
d4 {auch im Vorteil ist.}) 29... e3 $1 30. Re2 Nxb2 $1 (30... Nxb2 {Nach} 31.
Rxb2 (31. Bxb2 Rd2 $1 32. Rxd2 Qxd2 33. Qa2 e2) 31... Rd1+ 32. Rxd1 Qxd1+ 33.
Ka2 Rxb2+ 34. Bxb2 e2 {geht der Bauer durch.}) 0-1

[Event "CRO-ch"]
[Site "Slavonski Brod"]
[Date "1995.??.??"]
[Round "?"]
[White "Rogic, Davor"]
[Black "Sulava, Nenad"]
[Result "1-0"]
[WhiteElo "2460"]
[BlackElo "2420"]
[Annotator "King,D"]
[PlyCount "71"]
[EventDate "1995.02.??"]
[EventType "tourn"]
[EventRounds "13"]
[EventCountry "CRO"]
[EventCategory "10"]
[SourceTitle "CBM 048"]
[Source "ChessBase"]
[SourceDate "1995.10.01"]
[SourceVersion "1"]
[SourceVersionDate "1995.10.01"]
[SourceQuality "1"]

1. e4 c5 2. Nf3 e6 3. d4 cxd4 4. Nxd4 Qb6 5. Nb3 Qc7 6. Bd3 Nf6 7. O-O a6 8.
Nc3 b5 9. a3 Bb7 10. Re1 Bd6 11. h3 h5 12. Qe2 Nc6 13. Be3 Ne5 14. Rad1 Neg4 {
A similar theme to the previous game: N sacrifices itself in order to open up
the h-file.} 15. hxg4 hxg4 16. Qd2 Be5 17. Nd4 O-O-O 18. Ncxb5 {This wasn't
strictly necessary - Black's attack could probably be withstood - but White
prefers to seize back the initiative, and it is an excellent practical
decision.} axb5 19. Nxb5 Bh2+ 20. Kf1 Nxe4 21. Bxe4 Qc4+ 22. Qd3 Qxe4 23. Qc3+
Bc6 24. Na7+ Kb7 25. Qb3+ Ka8 26. Nxc6 Qxc6 27. Rd4 Qa6+ 28. Qc4 Qxc4+ 29. Rxc4
Rc8 30. Ra4+ Kb8 31. Rb4+ Ka8 32. c4 Bb8 33. Ke2 f5 34. Rd1 Rc7 35. Rd3 Rd8 36.
Bb6 1-0

[Event "Toronto op"]
[Site "Toronto"]
[Date "1998.05.17"]
[Round "6"]
[White "Shabalov, Alexander"]
[Black "Teodoro, Eduardo"]
[Result "1/2-1/2"]
[WhiteElo "2615"]
[BlackElo "2365"]
[Annotator "King,D"]
[PlyCount "90"]
[EventDate "1998.05.14"]
[EventType "swiss"]
[EventRounds "9"]
[EventCountry "CAN"]
[SourceTitle "CBM 065 Extra"]
[Source "ChessBase"]
[SourceDate "1998.09.09"]
[SourceVersion "1"]
[SourceVersionDate "1998.09.09"]
[SourceQuality "1"]

1. e4 c5 2. Nf3 e6 3. d4 cxd4 4. Nxd4 a6 5. Nc3 Qc7 6. Be2 b6 7. f4 Bb7 8. Bf3
Nc6 9. Be3 Na5 10. O-O Bc5 11. Qd3 b5 12. Kh1 Nc4 13. Bc1 Nb6 14. Nb3 Be7 15.
Na5 Bc6 16. a4 b4 17. Nxc6 dxc6 18. a5 Nd7 19. Na4 Ngf6 20. Be3 O-O 21. Nb6
Nxb6 22. axb6 Qb7 23. Rfd1 Rfd8 24. Qc4 Nd7 25. e5 Nxb6 26. Qxc6 Rxd1+ 27. Rxd1
Qxc6 28. Bxc6 Rd8 29. Rxd8+ Bxd8 30. Bc5 a5 31. Kg1 ({I think White should
have played more forthrightly with} 31. g4 $1 {when he maintains good winning
chances:} f6 (31... Nd5 32. f5) 32. exf6 gxf6 33. Kg2) 31... f6 32. exf6 gxf6
33. Kf2 Kf7 34. b3 f5 35. Ke3 Nd5+ 36. Bxd5 exd5 37. Kd4 Ke6 38. Ba7 Bc7 39. g3
Kd6 40. Bc5+ Ke6 41. h3 h5 42. h4 Bd8 43. Ba7 Bf6+ 44. Kd3 Bd8 45. Kd4 Bf6+
1/2-1/2

[Event "RUS-Cup10"]
[Site "Tomsk"]
[Date "1997.07.31"]
[Round "9"]
[White "Yurtaev, Leonid"]
[Black "Peregudov, Nickolai"]
[Result "1/2-1/2"]
[WhiteElo "2520"]
[BlackElo "2415"]
[Annotator "King,D"]
[PlyCount "133"]
[EventDate "1997.07.21"]
[EventType "swiss"]
[EventRounds "9"]
[EventCountry "RUS"]
[SourceTitle "EXT 2000"]
[Source "ChessBase"]
[SourceDate "1999.11.16"]
[SourceVersion "1"]
[SourceVersionDate "1999.11.16"]
[SourceQuality "1"]

1. e4 c5 2. Nf3 e6 3. d4 cxd4 4. Nxd4 a6 5. Nc3 Qc7 6. a3 Nf6 7. f4 d6 8. g4 h6
(8... e5 9. Nf5 Qc6 10. fxe5 dxe5 11. Qf3 Bxf5 12. Qxf5 Nbd7 13. g5 Nh5 14. Bh3
g6 15. Qf3 Bc5 16. Nd5 Nb6 17. Bg4 Nxd5 18. exd5 Qd6 19. Bxh5 gxh5 20. Bd2 Rd8
21. c4 b5 22. O-O-O bxc4 23. Bc3 O-O 24. Qe4 Rfe8 25. Rhe1 Bd4 26. Bxd4 exd4
27. Qxe8+ Rxe8 28. Rxe8+ Kg7 29. Rxd4 c3 30. Re2 cxb2+ 31. Kxb2 Qb6+ 32. Rb4
Qd6 33. Rd2 h6 34. gxh6+ Qxh6 35. Rbd4 Qd6 36. Ka2 a5 37. h4 Kf8 38. Rc4 Ke8
39. Rdd4 Kd7 40. Kb3 Qg3+ 41. Ka4 Kd6 42. Rc6+ Ke5 43. Rdc4 {Yurtaev,L-Landa,K/
RUS-Cup8 1997/EXP 58/0-1 (61)}) 9. Bg2 Nc6 10. h3 Be7 (10... Bd7 11. Nde2 Be7
12. Qd3 Rc8 13. Be3 g5 {1/2-1/2 Olafsson,F-Bilek,I/Stockholm izt 1962/IZT}) 11.
O-O Nd7 12. Be3 Na5 13. Nf5 {(Piece versus pawns) This is very much in the
same tradition as the 'Perenyi variation', a spectacular sacrifice developed
by the late Hungarian player. For his piece White gets long term compensation.
Black has difficulties developing his queenside, and in the meantime White
calmly builds in the centre while keeping a kingside pawn push in mind.} exf5
14. Nd5 Qd8 15. exf5 O-O 16. Nxe7+ Qxe7 17. Re1 Qd8 18. Bf2 Nf6 19. Qd3 Nc6 20.
Rad1 d5 21. c4 dxc4 22. Qxc4 Qa5 23. Bc5 Rd8 24. g5 Bxf5 {Black does best to
return the piece, as these alternatives show:} (24... Rxd1 25. Rxd1 Nd7 26. b4
Qb5 27. Qe4 hxg5 28. Qe8+ Kh7 29. fxg5 {when White's attack is crushing.}) (
24... Nd7 25. Qxf7+ Kxf7 26. Bd5# {would have been entertaining.}) 25. gxf6 Be6
26. Qc2 Rxd1 27. Rxd1 g6 28. b4 Qc7 29. Rd6 Bf5 30. Qd2 Re8 31. a4 Qc8 32. Bb6
{Black is almost in Zugzwang, so decides to give up a piece.} Nxb4 (32... Bxh3
$2 33. f5 $1 Qxf5 34. Qxh6 Re1+ 35. Kh2 Qe5+ 36. Kxh3 Qf5+ 37. Kh4 {wins.}) 33.
Qxb4 Bxh3 34. Rd2 Bxg2 35. Rxg2 Qe6 36. a5 (36. Bd4 {Strikes me as stronger.
Hanging on to the pawn on f6 will significantly increase White's winning
chances.}) 36... Qxf6 {Now it is difficult for White. His king is simply too
exposed.} 37. Qd2 Kh7 38. Bd4 Qf5 39. Be5 Rc8 40. Bb2 Qb1+ 41. Kh2 Qf5 42. Qd4
Rg8 43. Qe5 Qd7 44. Rc2 g5 45. Qe4+ f5 46. Qe5 Kg6 {Black has had enough of
the pressure on the long diagonal and runs away with his king, but White still
has an attack.} 47. Rg2 Kh5 48. Qe3 g4 {Perhaps it was going to be necessary
at some moment to push the g-pawn, but this really helps White. The bishop is
able to settle on the e5 square giving White just a bit more security.} 49. Kg3
Re8 50. Be5 Re6 51. Rh2+ Kg6 52. Rd2 Qe7 53. Rb2 h5 54. Qb3 h4+ 55. Kh2 h3 56.
Qd5 Kh5 57. Rxb7 g3+ 58. Kg1 h2+ 59. Kh1 Qa3 60. Rh7+ Kg4 61. Rg7+ (61. Kg2 {
would have put an end to the game immediately.}) 61... Kh3 62. Qd1 Rh6 63. Bf6
Qa2 64. Qf1+ g2+ 65. Rxg2 Qd5 66. Bd4 (66. Qe2 {threatening Qe3 mate, wins. I
imagine there must have been some time pressure involved.}) 66... Qe4 67. Qe2 (
67. Qe2 Qb1+ 68. Bg1 hxg1=Q+ 69. Rxg1 Qe4+ {would have left White fighting for
the draw.}) 1/2-1/2